Statistics for Cuphead Intro Song

Click here to take the quiz!

General Stats

  • This quiz has been taken 158 times
  • The average score is 41 of 55

Answer Stats

Answer% Correct
Cuphead
99%
Mugman
95%
THE
94%
the
94%
the
94%
THE
94%
a
92%
and
92%
and
92%
and
92%
and
92%
and
92%
DEVIL
88%
roll
88%
to
88%
they
87%
they
87%
They
87%
they
87%
his
86%
dice
85%
like
84%
pal
84%
well
82%
Well
82%
PRICE
80%
price
80%
game
77%
devil's
74%
their
72%
THEIR
72%
WILL
69%
PAID
68%
paid
68%
By
67%
TAKE
67%
now
66%
came
65%
chance
65%
lives
65%
on
65%
for
63%
fighting
62%
gosh
62%
HEADS
62%
if
62%
don't
61%
succeed
60%
proceed
58%
they're
58%
mission
57%
with
54%
dread
46%
'pon
39%
fraught
28%

Score Distribution

Percentile by Number Answered

Percent of People with Each Score

Your Score History

You have not taken this quiz